Koleksi pengenalan tarian dan muzik tradisional negeri Pahang

Bibliographic Details
Corporate Author: Pahang . Pejabat Kebudayaan dan Kesenian
Format: Book
Published: Pahang : Pejabat Kebudayaan dan Kesenian Negeri Pahang , 2003
Subjects:

MARC

LEADER 00000cam a2200000 7i4500
001 0000046385
005 20150325.0
008 150325
090 0 0 |a 793.319595123   |b KOL 
245 0 0 |a Koleksi pengenalan tarian dan muzik tradisional negeri Pahang 
260 |a Pahang :   |b Pejabat Kebudayaan dan Kesenian Negeri Pahang ,   |c 2003 
300 |a 66 pg. ;   |c 26 cm. 
650 0 |a Folk dancing   |z Pahang 
650 0 |a Performing arts   |z Pahang 
710 1 |a Pahang .   |b Pejabat Kebudayaan dan Kesenian 
999 |a 0001349134   |b Book   |c Adult Collection   |e Perbadanan Perpustakaan Awam Johor